Náklady vlastného kapitálu, načrtnutie riešenia pri vyčíslení ukazovateľa EVA
Zdôvodnenie významu nákladov vlastného kapitálu. Problematika stanovenia výšky nákladov vlastného kapitálu. Možnosť eliminácie vplyvov nepresného výpočtu požadovanej miery výnosu.
Gespeichert in:
| 1. Verfasser: | |
|---|---|
| Format: | Buchkapitel |
| Sprache: | Slowakisch |
| Schlagworte: | |
| Tags: |
Keine Tags, Fügen Sie das erste Tag hinzu!
|
MARC
| LEADER | 00000naa$a2200000$$$4500 | ||
|---|---|---|---|
| 001 | 0145412 | ||
| 005 | 20240502072621.6 | ||
| 041 | 0 | |a slo | |
| 044 | |a SK | ||
| 245 | 1 | 0 | |a Náklady vlastného kapitálu, načrtnutie riešenia pri vyčíslení ukazovateľa EVA |c Marián Smorada |
| 520 | |a Zdôvodnenie významu nákladov vlastného kapitálu. Problematika stanovenia výšky nákladov vlastného kapitálu. Možnosť eliminácie vplyvov nepresného výpočtu požadovanej miery výnosu. | ||
| 610 | 2 | 0 | |a kapitál vlastný |
| 610 | 2 | 0 | |a náklady |
| 610 | 2 | 0 | |a financie |
| 610 | 2 | 0 | |a hodnota pridaná ekonomická |
| 100 | 1 | |a Smorada, Marián, 1984- | |